| 000 | 00813cam a2200265 a 4500 | ||
|---|---|---|---|
| 008 | |||
| 020 | _a0314599940 (pbk.) | ||
| 049 | _aMAIN | ||
| 090 |
_aQA76.73.P2 _bGRA |
||
| 100 | 1 | _aGraham, Neill. | |
| 245 | 1 | 0 |
_aProgramming and problem solving with PASCAL / _cNeill Graham. |
| 250 | _a4th ed. | ||
| 260 |
_aSt. Paul : _bWest Pub. Co., _cc1988. |
||
| 300 |
_axv, 519 p. : _bill. (some col.) ; _c27 cm. |
||
| 440 | _aIntroduction to computer science. | ||
| 500 | _aIncludes index. | ||
| 650 | 0 | _aElectronic digital computers. | |
| 650 | 0 | _aElectronic data processing. | |
| 650 | 0 | _aPascal (Computer program language). | |
| 907 |
_a.b10044206 _b16-08-11 _c17-04-03 |
||
| 003 | |||
| 005 | 20230123134304.0 | ||
| 040 | _cNUST | ||
| 942 |
_cBOOKS _kQA76.73.P2 _mGRA |
||
| 999 |
_c163293 _d163293 |
||